000 00704nam a22001937a 4500
003 OSt
005 20251221153251.0
008 251221b |||||||| |||| 00| 0 eng d
040 _cDCL
041 _aEnglish
082 _a959.102
100 1 _aPhayre, Arthur Purves, Sir,
_d1812-1885
245 1 0 _aHistory of Burma:
_b including Burma proper, Pegu, Taungu, Tenasserim, and Arakan, from the earliest time to the first war with British India /
_cby Sir Arthur P. Phayre.
260 _aLondon :
_bSusil Gupta,
_c[n.d].
300 _axii,311 pages :
_bmaps ;
_c20 cm.
504 _aIncludes bibliographical notes and index.
651 _aMyanmar
_vHistory
_zTo 1824
942 _2ddc
_cSHORT TERM
_n0
999 _c2771
_d2771